Atomic Physics

Salvato in:
Dettagli Bibliografici
Autore principale: Foot, C.J (Autore)
Natura: Libro
Lingua:inglese
Pubblicazione: Oxford : Oxford University Press, 2012
Serie:Oxford Master Series in Atomic, Optical and Laser Physics
Soggetti:
Tags: Aggiungi Tag
Nessun Tag, puoi essere il primo ad aggiungerne!!

MARC

LEADER 00000nam a22000003a 4500
001 stu301529
005 20150617230325.2
008 141126s2012----uk------------------eng-d
020 |a 978-0-19-850696-6 
040 |a STU  |b slo 
041 0 |a eng 
044 |a uk 
100 1 |a Foot, C.J.  |4 aut 
245 1 |a Atomic Physics 
260 |a Oxford :  |b Oxford University Press,  |c 2012 
300 |a 331 s 
650 7 |a jadrová fyzika  |2 stusub 
830 0 |a Oxford Master Series in Atomic, Optical and Laser Physics 
996 |b 284M086252  |c M*13739-1  |l MMKN  |s A  |a 24  |w stu301529_0001